[Event "25th Dubai Open A 2025"]
[Site "Dubai UAE"]
[Date "2025.05.31"]
[Round "5.26"]
[White "Roebers, Eline"]
[Black "Shyaam Nikhil P"]
[Result "1/2-1/2"]
[WhiteTitle "IM"]
[BlackTitle "GM"]
[WhiteElo "2361"]
[BlackElo "2430"]
[WhiteFideId "1058401"]
[BlackFideId "5024218"]
[EventDate "2025.05.27"]

1. e4 c5 2. Nf3 d6 3. d4 cxd4 4. Nxd4 Nf6 5. Nc3 a6 6. Bg5 Nc6 7. Qd3 Qb6 8. Nb3
e6 9. Be2 Be7 10. h4 h6 11. Be3 Qc7 12. O-O-O b5 13. g4 Ne5 14. Qd4 Nc6 15. Qd3
Ne5 16. Qd4 Nc6 17. Qd3 Ne5 1/2-1/2

[Event "25th Dubai Open A 2025"]
[Site "Dubai UAE"]
[Date "2025.05.31"]
[Round "5.27"]
[White "Stribuk, Artiom"]
[Black "Gupta, Abhijeet"]
[Result "1/2-1/2"]
[WhiteTitle "IM"]
[BlackTitle "GM"]
[WhiteElo "2433"]
[BlackElo "2577"]
[WhiteFideId "13515659"]
[BlackFideId "5010608"]
[EventDate "2025.05.27"]

1. c4 e5 2. Nc3 Bb4 3. e3 Nf6 4. Nge2 O-O 5. a3 Bxc3 6. Nxc3 Re8 7. b4 b6 8. Be2
Bb7 9. O-O d5 10. cxd5 Nxd5 11. Bb2 Nxc3 12. Bxc3 Qg5 13. Bf3 e4 14. Be2 Nd7 15.
f4 exf3 16. Bxf3 Bxf3 17. Qxf3 Qg6 18. Qb7 Qd6 19. Rf4 c5 20. Raf1 f6 21. Rg4
Qe7 22. bxc5 bxc5 23. Bxf6 Nxf6 24. Qxe7 Rxe7 25. Rxf6 Rd8 26. Rf2 Red7 27. Ra4
h6 28. Kf1 Rxd2 29. Rxd2 Rxd2 30. Rxa7 Ra2 31. e4 c4 32. Rc7 Rxa3 33. Rxc4 Ra2
34. Rc3 Kf7 35. Re3 Ke6 36. Re2 Ra1+ 37. Kf2 Ke5 38. Kg3 Ra6 39. Kf3 h5 40. h4
Rf6+ 41. Kg3 Rg6+ 42. Kh3 Ra6 43. g3 g6 44. Kg2 Ra1 45. Kf2 Rb1 46. Re3 Ra1 47.
Kg2 Rb1 1/2-1/2

[Event "25th Dubai Open A 2025"]
[Site "Dubai UAE"]
[Date "2025.05.31"]
[Round "5.28"]
[White "Vivaan Vishal Shah"]
[Black "Pranav, Anand"]
[Result "0-1"]
[WhiteTitle "FM"]
[BlackTitle "GM"]
[WhiteElo "2410"]
[BlackElo "2555"]
[WhiteFideId "25184237"]
[BlackFideId "46626786"]
[EventDate "2025.05.27"]

1. e4 c5 2. Nf3 Nc6 3. d4 cxd4 4. Nxd4 Nf6 5. Nc3 e5 6. Ndb5 d6 7. Nd5 Nxd5 8.
exd5 Nb8 9. c4 Nd7 10. Be2 Be7 11. O-O O-O 12. Qc2 a6 13. Nc3 f5 14. f3 Bg5 15.
a4 Bxc1 16. Qxc1 a5 17. f4 Nc5 18. fxe5 Nb3 19. Qe3 f4 20. Rxf4 Rxf4 21. Ra3 Qg5
22. Qg3 Qxe5 23. Rxb3 Bg4 24. Qd3 Raf8 25. h3 Bxe2 26. Qxe2 Rf1+ 27. Qxf1 Qd4+ 0-1

[Event "25th Dubai Open A 2025"]
[Site "Dubai UAE"]
[Date "2025.05.31"]
[Round "5.29"]
[White "Royal, Shreyas"]
[Black "Tsaruk, Maksim"]
[Result "1/2-1/2"]
[WhiteTitle "GM"]
[BlackTitle "IM"]
[WhiteElo "2493"]
[BlackElo "2431"]
[WhiteFideId "448869"]
[BlackFideId "13511173"]
[EventDate "2025.05.27"]

1. d4 Nf6 2. c4 e6 3. Nc3 Bb4 4. e3 b6 5. Ne2 Ba6 6. Qa4 c5 7. a3 Bxc3+ 8. Nxc3
O-O 9. d5 exd5 10. cxd5 Bxf1 11. Rxf1 Re8 12. f3 a6 13. e4 b5 14. Qc2 d6 15. Kf2
Nbd7 16. Kg1 Rc8 17. Be3 Ne5 18. a4 b4 19. Ne2 a5 20. h3 Qb6 21. Ng3 g6 22. f4
Ned7 23. Rfe1 b3 24. Qd3 h5 25. Bf2 Qb4 26. e5 dxe5 27. f5 c4 28. Qb1 Kg7 29.
Qc1 c3 30. fxg6 fxg6 31. bxc3 Qc4 32. Qg5 Qf4 33. Qxf4 exf4 34. Rxe8 Rxe8 35.
Nf1 Ne4 36. Bd4+ Kf7 37. Rb1 Rb8 38. Rb2 Ndc5 39. Bxc5 Nxc5 40. Nd2 Kf6 41. Kf1
g5 42. Ke2 Ke5 43. Nc4+ Kxd5 44. Nxa5 Ke4 45. Nc4 Nxa4 46. Nd2+ Ke5 47. Rxb3
Rxb3 48. Nxb3 Nxc3+ 49. Kf3 Nb5 50. g3 fxg3 51. Kxg3 Nd4 52. Nd2 Nf5+ 53. Kf3
Kd4 54. Nb3+ Kc4 55. Nc1 Kc3 56. Ke4 Ng3+ 57. Ke3 Kc4 58. Nd3 Nf1+ 59. Ke4 Ng3+
60. Ke3 Kd5 61. Nb4+ Ke6 62. Nc6 Nf5+ 63. Ke4 Nd6+ 64. Ke3 Kf6 65. Kf3 Nf5 66.
Ke4 Ng7 67. Ne5 Ne8 68. Nd7+ Ke6 69. Nc5+ Kf6 70. Nd7+ Ke7 71. Kf5 Ng7+ 72. Kxg5
Kxd7 73. Kg6 Ne6 74. Kxh5 Nf4+ 75. Kg4 Nxh3 1/2-1/2

[Event "25th Dubai Open A 2025"]
[Site "Dubai UAE"]
[Date "2025.05.31"]
[Round "5.30"]
[White "Siddharth, Jagadeesh"]
[Black "Ghimpu, Samuel-Timotei"]
[Result "1/2-1/2"]
[WhiteTitle "GM"]
[BlackTitle "IM"]
[WhiteElo "2472"]
[BlackElo "2421"]
[WhiteFideId "5818320"]
[BlackFideId "1238175"]
[EventDate "2025.05.27"]

1. d4 Nf6 2. c4 e6 3. Nc3 d5 4. cxd5 Nxd5 5. Nf3 c5 6. g3 Nxc3 7. bxc3 cxd4 8.
Qxd4 Nc6 9. Qxd8+ Kxd8 10. Bg2 f6 11. Nd4 Bd7 12. Rb1 Kc8 13. h4 h5 14. O-O e5
15. Nxc6 Bxc6 16. Bxc6 bxc6 17. Be3 Bd6 18. Rfd1 Rd8 19. Kg2 g6 20. Kf3 Rb8 21.
Bxa7 Ra8 22. Bb6 Bc7 23. Rxd8+ Kxd8 24. Bxc7+ Kxc7 25. Rb2 Ra3 26. Rc2 Kd6 27.
Ke4 Ra4+ 28. Ke3 g5 29. hxg5 fxg5 30. Rc1 Ke6 1/2-1/2

[Event "25th Dubai Open A 2025"]
[Site "Dubai UAE"]
[Date "2025.05.31"]
[Round "5.31"]
[White "Al Hosani, Omran"]
[Black "Borgaonkar, Akshay"]
[Result "0-1"]
[WhiteTitle "IM"]
[BlackTitle "FM"]
[WhiteElo "2299"]
[BlackElo "2453"]
[WhiteFideId "9308733"]
[BlackFideId "25639110"]
[EventDate "2025.05.27"]

1. d4 Nf6 2. c4 c5 3. d5 b5 4. cxb5 a6 5. b6 e6 6. Nc3 Nxd5 7. Nxd5 exd5 8. Qxd5
Nc6 9. e4 Be7 10. Bc4 O-O 11. Nf3 Rb8 12. O-O Rxb6 13. b3 d6 14. Qh5 Be6 15. Bd5
Bxd5 16. exd5 Nb4 17. Bd2 Qa8 18. Bxb4 Rxb4 19. Rae1 Bf6 20. Qf5 a5 21. Re4 Qa6
22. Rfe1 Qd3 23. h4 h6 24. g4 g6 25. Qf4 Bc3 26. Rxb4 axb4 27. Qe4 Qxe4 28. Rxe4
f5 29. Re6 fxg4 30. Nh2 h5 31. Rxg6+ Kh7 32. Rxd6 Bd4 33. Rd7+ Kg8 34. Kg2 Rxf2+
35. Kg3 Rxa2 36. Nxg4 hxg4 37. Kxg4 Rb2 38. Rc7 Kf8 39. h5 Rxb3 40. h6 Rb1 41.
d6 Ke8 42. h7 Rh1 43. Kf5 b3 44. Ke6 Rh6+ 45. Kd5 b2 46. Rb7 Rxh7 47. Rb8+ Kd7
48. Rb7+ Kc8 49. Rb5 Rb7 0-1

[Event "25th Dubai Open A 2025"]
[Site "Dubai UAE"]
[Date "2025.05.31"]
[Round "5.32"]
[White "Neelash, Saha"]
[Black "Manon, Reja Neer"]
[Result "1-0"]
[WhiteTitle "IM"]
[BlackTitle "IM"]
[WhiteElo "2445"]
[BlackElo "2403"]
[WhiteFideId "5094160"]
[BlackFideId "10224009"]
[EventDate "2025.05.27"]

1. Nf3 Nf6 2. d4 e6 3. a3 d5 4. Nbd2 Bd6 5. c4 c6 6. Qc2 Nbd7 7. e4 dxe4 8. Nxe4
Nxe4 9. Qxe4 c5 10. Be3 Nf6 11. Qc2 cxd4 12. Bxd4 O-O 13. O-O-O Qe7 14. Bd3 h6
15. Kb1 Rd8 16. Ne5 Qc7 17. Rhe1 Be7 18. Bc3 Bd7 19. f4 Be8 20. g4 Nd7 21. g5
hxg5 22. Bh7+ Kf8 23. Rxd7 Rxd7 24. fxg5 Bxg5 25. Qf2 Ke7 26. Nxd7 Bxd7 27. Rf1
f5 28. Qg1 Bf6 29. Bxf6+ gxf6 30. Qg7+ Kd6 31. Rd1+ Kc6 32. Bxf5 Kb6 33. Rxd7 1-0

[Event "25th Dubai Open A 2025"]
[Site "Dubai UAE"]
[Date "2025.05.31"]
[Round "5.33"]
[White "Beydullayeva, Govhar"]
[Black "Mayank, Chakraborty"]
[Result "0-1"]
[WhiteTitle "WGM"]
[BlackTitle "IM"]
[WhiteElo "2394"]
[BlackElo "2436"]
[WhiteFideId "13413015"]
[BlackFideId "25659766"]
[EventDate "2025.05.27"]

1. d4 Nf6 2. c4 e6 3. Nf3 d5 4. Nc3 dxc4 5. e4 b5 6. e5 Nfd7 7. Nxb5 Nb6 8. Be2
Nc6 9. Be3 Be7 10. a3 Qd7 11. Nc3 Na5 12. Qc2 Bb7 13. Rd1 f5 14. exf6 gxf6 15.
Nd2 O-O-O 16. Bf3 Rhg8 17. O-O f5 18. g3 Bd6 19. Ne2 h5 20. Bxb7+ Kxb7 21. b4
cxb3 22. Nxb3 Nxb3 23. Qxb3 Qc6 24. Bf4 h4 25. Rc1 Qd5 26. Qxd5+ Nxd5 27. Bxd6
Rxd6 28. Rfe1 f4 29. Nc3 hxg3 30. hxg3 fxg3 31. Ne4 gxf2+ 32. Kxf2 Rb6 33. Nc5+
Kc8 34. Nxe6 Re8 35. Rc5 Nf6 36. d5 Nxd5 37. Rxd5 Rbxe6 38. Rxe6 Rxe6 39. Rd3
Kb7 40. Rb3+ Ka6 41. a4 Ka5 42. Rb7 a6 43. Rxc7 Kxa4 44. Rc1 a5 45. Kf3 Kb3 46.
Rb1+ Ka2 47. Rb5 a4 48. Kf2 a3 49. Rb8 Ka1 50. Rb7 a2 51. Rb8 Rc6 52. Ke2 Rc1
53. Kd3 Rb1 54. Rg8 Kb2 55. Rb8+ Kc1 56. Rc8+ Kd1 57. Rh8 Rb3+ 58. Kc4 Rc3+ 59.
Kd4 Ra3 60. Rh1+ Kc2 61. Rh2+ Kb3 0-1

[Event "25th Dubai Open A 2025"]
[Site "Dubai UAE"]
[Date "2025.05.31"]
[Round "5.34"]
[White "Petkov, Momchil"]
[Black "Liyanage, Ranindu Dilshan"]
[Result "0-1"]
[WhiteTitle "GM"]
[BlackTitle "IM"]
[WhiteElo "2524"]
[BlackElo "2387"]
[WhiteFideId "2921642"]
[BlackFideId "9915834"]
[EventDate "2025.05.27"]

1. e4 e5 2. Bc4 Nf6 3. d3 Bc5 4. Nc3 c6 5. f4 exf4 6. e5 d5 7. exf6 Qxf6 8. Qe2+
Kd8 9. Bxd5 cxd5 10. Qf3 Be6 11. Nge2 g5 12. h4 h6 13. Nxd5 Qe5 14. Nxf4 Nc6 15.
Nxe6+ Qxe6 16. c3 Ne5 17. Qxb7 Nxd3+ 18. Kd2 Nf2 19. Re1 Qe3+ 20. Kc2 Qd3+ 21.
Kb3 Qd6 22. Nd4 Bxd4 23. Qxa8+ Kc7 24. Qf3 Qb6+ 25. Kc2 Qg6+ 26. Kd2 Bc5 27.
Qg3+ Kc8 28. b3 Ne4+ 29. Rxe4 Qxe4 30. Bb2 0-1

[Event "25th Dubai Open A 2025"]
[Site "Dubai UAE"]
[Date "2025.05.31"]
[Round "5.35"]
[White "Agasarov, Benik"]
[Black "Muthaiah, AL"]
[Result "1/2-1/2"]
[WhiteTitle "FM"]
[BlackTitle "IM"]
[WhiteElo "2414"]
[BlackElo "2487"]
[WhiteFideId "13314823"]
[BlackFideId "5092442"]
[EventDate "2025.05.27"]

1. d4 d5 2. c4 dxc4 3. Nf3 Nf6 4. e3 Bg4 5. Bxc4 e6 6. h3 Bh5 7. Nc3 Nc6 8. Bb5
Be7 9. g4 Bg6 10. Ne5 O-O 11. Nxg6 hxg6 12. Bf1 Na5 13. Bg2 c5 14. O-O cxd4 15.
exd4 Bb4 16. Bg5 Bxc3 17. bxc3 Qd7 18. Bxf6 gxf6 19. Qf3 Kg7 20. Qg3 Rac8 21. f4
Rc4 22. f5 exf5 23. Rxf5 gxf5 24. gxf5+ Kh7 25. Qh4+ Kg7 26. Qg4+ 1/2-1/2

[Event "25th Dubai Open A 2025"]
[Site "Dubai UAE"]
[Date "2025.05.31"]
[Round "5.36"]
[White "Zhang, Di"]
[Black "Ayush, Sharma"]
[Result "0-1"]
[BlackTitle "IM"]
[WhiteElo "2410"]
[BlackElo "2478"]
[WhiteFideId "8616590"]
[BlackFideId "45010943"]
[EventDate "2025.05.27"]

1. e4 c5 2. g3 Nc6 3. Bg2 g6 4. Ne2 Bg7 5. c3 h5 6. h3 e5 7. d3 Nge7 8. Bg5 d6
9. Nd2 Be6 10. f4 Qd7 11. Nf3 O-O-O 12. Bh4 d5 13. Nxe5 Nxe5 14. fxe5 dxe4 15.
d4 Nf5 16. Bg5 f6 17. exf6 Bxf6 18. Bxf6 Ne3 19. Qc1 Nxg2+ 20. Kf2 Rhf8 21. Kxg2
Rxf6 22. Nf4 e3 23. Qxe3 Re8 24. Qd2 Bd5+ 25. Nxd5 Qxd5+ 26. Kg1 Rf3 27. Re1 Re4
28. Re2 Qf5 29. Rg2 Ree3 30. Kh2 h4 31. Re1 hxg3+ 32. Kg1 Qe4 33. Ra1 c4 34. a4
a5 35. d5 Kd7 36. d6 g5 37. Rc1 Qe5 38. Ra1 Rf4 39. Qd1 Rfe4 40. Kf1 g4 41. hxg4
Qh8 42. Kg1 Qe5 43. Kf1 Rd3 44. Qc1 Rxd6 45. Rc2 Rxg4 46. Kg1 g2 47. Qe1 Qh2+
48. Kxh2 g1=Q+ 0-1

[Event "25th Dubai Open A 2025"]
[Site "Dubai UAE"]
[Date "2025.05.31"]
[Round "5.37"]
[White "Jiang, Haochen"]
[Black "Farahat, Ali"]
[Result "1-0"]
[BlackTitle "IM"]
[WhiteElo "2439"]
[BlackElo "2321"]
[WhiteFideId "8631930"]
[BlackFideId "10600507"]
[EventDate "2025.05.27"]

1. e4 e5 2. Nf3 Nc6 3. Bb5 a6 4. Ba4 d6 5. O-O Nf6 6. c3 Bd7 7. Re1 g6 8. d4 Bg7
9. Bxc6 Bxc6 10. dxe5 Nxe4 11. exd6 O-O 12. dxc7 Qxc7 13. Be3 Rad8 14. Qc2 Nf6
15. Nbd2 Ng4 16. Bg5 Rd7 17. h3 h6 18. Bh4 Ne5 19. Bg3 Re8 20. Nxe5 Bxe5 21. Nc4
f6 22. Nxe5 fxe5 23. Qxg6+ Rg7 24. Qxh6 Qf7 25. Rad1 Qxa2 26. Rd6 Qf7 27. Re3
Qf5 28. Kh2 e4 29. Rf6 Qg5 30. Qxg5 Rxg5 31. Bf4 Rg7 32. Bh6 Rh7 33. Rg3+ Kh8
34. Be3 Rg7 35. Rxc6 1-0

[Event "25th Dubai Open A 2025"]
[Site "Dubai UAE"]
[Date "2025.05.31"]
[Round "5.38"]
[White "Piliposyan, Robert"]
[Black "Sultan, Ibrahim"]
[Result "1-0"]
[WhiteTitle "IM"]
[BlackTitle "IM"]
[WhiteElo "2416"]
[BlackElo "2222"]
[WhiteFideId "13309978"]
[BlackFideId "9301143"]
[EventDate "2025.05.27"]

1. d4 d5 2. c4 c6 3. Nf3 Nf6 4. Nc3 e6 5. e3 Nbd7 6. Bd3 dxc4 7. Bxc4 b5 8. Bd3
Bb7 9. e4 b4 10. Na4 c5 11. e5 Nd5 12. O-O Rc8 13. Nxc5 Bxc5 14. dxc5 Nxc5 15.
Bb5+ Bc6 16. Bxc6+ Rxc6 17. Nd4 Rc8 18. Qg4 Ne7 19. Nb5 O-O 20. Bg5 Nd7 21. Qxb4
Rc5 22. Rad1 h6 23. Bxe7 Qxe7 24. Rxd7 Qxd7 25. Qxc5 Rc8 26. Qb4 Rb8 27. a4 a6
28. Qd6 1-0

[Event "25th Dubai Open A 2025"]
[Site "Dubai UAE"]
[Date "2025.05.31"]
[Round "5.39"]
[White "Gaal, Zsoka"]
[Black "Tregubenko, Nikolay"]
[Result "1/2-1/2"]
[WhiteTitle "WGM"]
[WhiteElo "2395"]
[BlackElo "2277"]
[WhiteFideId "777765"]
[BlackFideId "34358978"]
[EventDate "2025.05.27"]

1. d4 Nf6 2. c4 g6 3. Nc3 Bg7 4. e4 d6 5. Be2 O-O 6. Be3 Na6 7. Nf3 e5 8. O-O
Qe7 9. dxe5 dxe5 10. Nd5 Qd8 11. Qc2 Ng4 12. Bg5 f6 13. Bd2 c6 14. Ne3 Qe7 15.
Rfd1 Be6 16. a3 Rfd8 17. b4 Nc7 18. h3 Nxe3 19. Bxe3 Bf8 20. Rxd8 Qxd8 21. Rd1
Qe8 22. Nd2 c5 23. Bxc5 Bxc5 24. bxc5 Na6 25. Nb3 Rc8 26. Rd6 Nxc5 27. Nxc5 Rxc5
28. Qd2 Qf7 29. Kh2 Kg7 30. Bg4 Bxg4 31. hxg4 Rc7 32. c5 Qc4 33. g5 fxg5 34.
Qxg5 Qxe4 35. Qf6+ Kh6 36. Qf8+ Kh5 37. g3 Qc4 38. Qf3+ Qg4 39. Qf6 Qg5 40. Qf8
Qe7 41. Qf3+ Kh6 42. Rd5 Kg7 43. Qe3 e4 44. Kg2 Qe6 45. Qd4+ Qf6 46. Qxe4 Re7
47. Qd3 Rf7 48. f4 Qb2+ 49. Kf3 Re7 50. Rd7 Rxd7 51. Qxd7+ Kf6 52. Qd6+ Kf7 53.
Qd5+ Kf6 54. Qd3 h5 55. a4 Qb4 56. Qd6+ Kf7 57. Qd5+ Kf6 58. Qe5+ Kf7 59. Qd5+
Kf6 60. Qd8+ Kf7 61. Qc7+ Kf6 62. Qe5+ 1/2-1/2

[Event "25th Dubai Open A 2025"]
[Site "Dubai UAE"]
[Date "2025.05.31"]
[Round "5.40"]
[White "Garayev, Kanan"]
[Black "Zia, Tahsin Tajwar"]
[Result "1-0"]
[WhiteTitle "IM"]
[BlackTitle "FM"]
[WhiteElo "2336"]
[BlackElo "2374"]
[WhiteFideId "13406671"]
[BlackFideId "10211888"]
[EventDate "2025.05.27"]

1. d4 Nf6 2. c4 d6 3. g3 g6 4. Bg2 Bg7 5. Nc3 O-O 6. h3 Nc6 7. Nf3 a6 8. O-O Rb8
9. a4 e5 10. Be3 exd4 11. Nxd4 Bd7 12. Nc2 Qc8 13. Kh2 Ne5 14. c5 Bc6 15. cxd6
cxd6 16. Bd4 h5 17. Ne3 h4 18. gxh4 Bxg2 19. Nxg2 Qf5 20. Qd2 Nc6 21. Bxf6 Bxf6
22. Qd5 Qc2 23. Rfc1 Qxb2 24. Rab1 Qa3 25. Ne4 Be5+ 26. f4 Bg7 27. h5 Qxa4 28.
hxg6 Qd4 29. gxf7+ Rxf7 30. Qe6 Nd8 31. Qg6 Re7 32. Ng5 Nf7 33. Qh7+ Kf8 34. Qf5
Rbe8 35. e3 Qa4 36. Nh4 Qd7 37. Nh7+ Kg8 38. Nf6+ Bxf6 39. Qxf6 Ng5 40. Qxg5+
Rg7 41. Qd5+ Qe6 42. Qxe6+ Rxe6 43. Rb3 d5 44. Nf5 Rd7 45. Nd4 Rh6 46. Rc8+ Kf7
47. Nf3 1-0

[Event "25th Dubai Open A 2025"]
[Site "Dubai UAE"]
[Date "2025.05.31"]
[Round "5.41"]
[White "Balajayeva, Khanim"]
[Black "Rakshitta, Ravi"]
[Result "0-1"]
[WhiteTitle "IM"]
[BlackTitle "WGM"]
[WhiteElo "2358"]
[BlackElo "2324"]
[WhiteFideId "13406396"]
[BlackFideId "25073230"]
[EventDate "2025.05.27"]

1. e4 e6 2. d4 d5 3. Nc3 Nf6 4. e5 Nfd7 5. f4 c5 6. Nf3 Nc6 7. Be3 a6 8. Ne2 Qb6
9. Qc1 Be7 10. c3 O-O 11. g3 f6 12. Bg2 cxd4 13. cxd4 Qb4+ 14. Bd2 Qb5 15. a4
Qd3 16. Qc3 Nb4 17. Ra3 Qb1+ 18. Kf2 Qg6 19. h4 fxe5 20. fxe5 Nc6 21. Rb3 Nxd4
22. Nxd4 Nxe5 23. Bh3 Bd6 24. h5 Qf6 25. Kg2 Nxf3 26. Nxf3 e5 27. Bxc8 Raxc8 28.
Qd3 Rc5 29. Bc3 Qe7 30. Nxe5 Bxe5 31. Bb4 Bd4 32. Qxd4 Rc2+ 33. Kh3 Qe6+ 34. g4
Rc4 35. Re1 Qd7 36. Qg1 Rff4 37. Re7 Qxa4 38. Bc3 Qxb3 39. Rxg7+ Kf8 40. Rxh7
Rxc3+ 41. bxc3 Qxc3+ 42. Kh4 Qf6+ 43. Kh3 Qc3+ 44. Kh4 Qf6+ 45. Kh3 Rf3+ 46. Kg2
d4 47. Rxb7 Qf4 48. Rb8+ Kg7 49. Rb7+ Kf6 50. Rb6+ Kf7 51. Rb7+ Ke6 52. Qe1+ Re3
53. Rb6+ Kd7 54. Rb7+ Kc8 55. Qc1+ Kxb7 56. Qb1+ Kc6 0-1

[Event "25th Dubai Open A 2025"]
[Site "Dubai UAE"]
[Date "2025.06.01"]
[Round "6.1"]
[White "Nihal, Sarin"]
[Black "Grebnev, Aleksey"]
[Result "1/2-1/2"]
[WhiteTitle "GM"]
[BlackTitle "GM"]
[WhiteElo "2693"]
[BlackElo "2556"]
[WhiteFideId "25092340"]
[BlackFideId "34189030"]
[EventDate "2025.05.27"]

1. d4 Nf6 2. c4 e6 3. Nc3 Bb4 4. e3 O-O 5. Bd3 d5 6. cxd5 exd5 7. a3 Bd6 8. h3
b6 9. Qf3 Ba6 10. Bc2 Re8 11. Nge2 c6 12. g4 Qe7 13. g5 Ne4 14. h4 Nd7 15. Bd2
Rac8 16. Rg1 Qe6 17. Nxe4 dxe4 18. Qg4 c5 19. Qxe6 Rxe6 20. Bc3 Bd3 21. Bb3 Re7
22. h5 b5 23. Ba2 a6 24. dxc5 Nxc5 25. g6 hxg6 26. Rxg6 Be5 27. Bxe5 Rxe5 28. h6
Ne6 29. Bxe6 Rxe6 30. Rxg7+ Kf8 31. Rh7 Kg8 32. Rg7+ Kf8 33. Rh7 1/2-1/2

[Event "25th Dubai Open A 2025"]
[Site "Dubai UAE"]
[Date "2025.06.01"]
[Round "6.2"]
[White "Movahed, Sina"]
[Black "Sargsyan, Shant"]
[Result "1/2-1/2"]
[WhiteTitle "GM"]
[BlackTitle "GM"]
[WhiteElo "2518"]
[BlackElo "2666"]
[WhiteFideId "42520835"]
[BlackFideId "13306766"]
[EventDate "2025.05.27"]

1. e4 c5 2. Nf3 Nc6 3. d4 cxd4 4. Nxd4 Nf6 5. Nc3 e5 6. Ndb5 d6 7. Nd5 Nxd5 8.
exd5 Nb8 9. g4 h5 10. g5 g6 11. Be3 Bg7 12. Qd2 a6 13. Nc3 O-O 14. Bd3 Qa5 15.
Rg1 Re8 16. a4 e4 17. Nxe4 Qxd5 18. Nf6+ Bxf6 19. gxf6 Bg4 20. h3 Bf3 21. Qc3
Qc6 22. Qd4 Be4 23. O-O-O Nd7 24. Bxe4 Rxe4 25. Qxd6 Rxa4 26. Qxc6 Ra1+ 27. Kd2
Rxd1+ 28. Rxd1 bxc6 29. Ke2 Nxf6 30. Rd6 Nd5 31. Rxc6 Nxe3 32. Kxe3 a5 33. Rc3
a4 34. Kd2 Rb8 35. Kc1 Rb4 36. Rf3 Kg7 37. c3 Rh4 38. Kd2 f5 39. Kd3 a3 40. bxa3 1/2-1/2

[Event "25th Dubai Open A 2025"]
[Site "Dubai UAE"]
[Date "2025.06.01"]
[Round "6.3"]
[White "Rohith, Krishna S"]
[Black "Muradli, Mahammad"]
[Result "1-0"]
[WhiteTitle "IM"]
[BlackTitle "GM"]
[WhiteElo "2490"]
[BlackElo "2603"]
[WhiteFideId "46617051"]
[BlackFideId "13409301"]
[EventDate "2025.05.27"]

1. d4 g6 2. Nf3 Bg7 3. g3 c5 4. d5 Nf6 5. c4 b5 6. cxb5 a6 7. bxa6 d6 8. Nc3
Nxa6 9. Bg2 O-O 10. O-O Bf5 11. Re1 Ne4 12. Nxe4 Bxe4 13. Nd2 Bf5 14. e4 Bd7 15.
Nc4 Nc7 16. a4 Bb5 17. Bf1 Qe8 18. a5 Na6 19. Bd2 Bxc4 20. Bxc4 Bxb2 21. Rb1 Bg7
22. Qb3 Qd8 23. Bxa6 Rxa6 24. Qb7 Rxa5 25. Bxa5 Qxa5 26. Qxe7 Be5 27. Qb7 c4 28.
Re2 Qa3 29. Rbe1 Bc3 30. Rd1 Bb4 31. Qc6 Bc5 32. Kg2 Qb3 33. Rdd2 c3 34. Ra2 f6
35. Qa4 Rb8 36. Qxb3 Rxb3 37. Ra4 Kf7 38. Rc4 Rb2 39. Kf3 g5 40. g4 Rb3 41. Rc2
Bb4 42. Rc7+ Ke8 43. Ke2 1-0

[Event "25th Dubai Open A 2025"]
[Site "Dubai UAE"]
[Date "2025.06.01"]
[Round "6.4"]
[White "Aswath, S"]
[Black "Narayanan, S.L."]
[Result "1/2-1/2"]
[WhiteTitle "IM"]
[BlackTitle "GM"]
[WhiteElo "2515"]
[BlackElo "2598"]
[WhiteFideId "46694919"]
[BlackFideId "5058422"]
[EventDate "2025.05.27"]

1. e4 c5 2. Nf3 d6 3. d4 cxd4 4. Nxd4 Nf6 5. Nc3 a6 6. Be2 e5 7. Nb3 Be7 8. g4
h6 9. h4 Be6 10. Be3 b5 11. a4 b4 12. Nd5 Bxd5 13. exd5 Nbd7 14. f3 Nb6 15. Bxb6
Qxb6 16. Qd2 g6 17. O-O-O h5 18. g5 Nd7 19. a5 Qc7 20. Qxb4 O-O 21. Kb1 Rfc8 22.
Bd3 Rab8 23. Qa3 Qb7 24. Rhe1 Nc5 25. Bc4 Nxb3 26. Bxb3 Rc5 27. Re4 Qc7 28. Rb4
Bd8 29. Rxb8 Qxb8 30. Qa4 Bxa5 31. f4 exf4 32. Qxf4 Rb5 33. Rf1 Qc7 34. Qg3 Rb8
35. Rf6 Bb4 36. Rf4 a5 37. Re4 Qd7 38. Qe3 Bc5 39. Qe1 Qf5 40. Bc4 Bf2 41. Qe2
Bg3 42. Ka2 Be5 43. c3 Qd7 44. Bb3 Qb7 45. Qd1 Kg7 46. Qc2 Kf8 47. Qd1 Qb6 48.
Qc2 Rb7 49. Ba4 Qc5 50. Bb3 Qb6 51. Ba4 Re7 52. Qe2 Qa7 53. Qd3 Qf2 54. Qb5 Kg7
55. Rc4 Bg3 56. Qb8 Bxh4 57. Rc8 Bxg5 58. Rg8+ Kh7 59. Rh8+ Kg7 60. Rg8+ Kh7 61.
Rh8+ Kg7 62. Rg8+ 1/2-1/2

[Event "25th Dubai Open A 2025"]
[Site "Dubai UAE"]
[Date "2025.06.01"]
[Round "6.5"]
[White "Zemlyanskii, Ivan"]
[Black "Sokolovsky, Yahli"]
[Result "1-0"]
[WhiteTitle "GM"]
[BlackTitle "GM"]
[WhiteElo "2563"]
[BlackElo "2539"]
[WhiteFideId "24249971"]
[BlackFideId "2820242"]
[EventDate "2025.05.27"]

1. e4 c5 2. Nf3 d6 3. d4 cxd4 4. Nxd4 Nf6 5. Nc3 a6 6. f4 e5 7. Nf3 Nbd7 8. a4
Qc7 9. a5 Be7 10. g4 Nxg4 11. Rg1 Nc5 12. b4 Be6 13. Qd2 exf4 14. bxc5 Qxc5 15.
Na4 Bh4+ 16. Nxh4 Qxg1 17. Nf3 Qh1 18. Qxf4 Rc8 19. Ba3 O-O 20. Nd4 Rc4 21. Bb2
Qg1 22. Qg3 Qh1 23. O-O-O Qxe4 24. Bxc4 Bxc4 25. Nb6 d5 26. Nxc4 dxc4 27. Rg1 c3
28. Bxc3 Rc8 29. Kb2 Qe3 30. Nf5 Qc5 31. Ne7+ Qxe7 32. Qxg4 1-0

[Event "25th Dubai Open A 2025"]
[Site "Dubai UAE"]
[Date "2025.06.01"]
[Round "6.6"]
[White "Bharath, Subramaniyam H"]
[Black "Boruchovsky, Avital"]
[Result "1-0"]
[WhiteTitle "GM"]
[BlackTitle "GM"]
[WhiteElo "2556"]
[BlackElo "2513"]
[WhiteFideId "46634827"]
[BlackFideId "2800055"]
[EventDate "2025.05.27"]

1. e4 e6 2. d4 d5 3. exd5 exd5 4. Nf3 Nf6 5. h3 Bd6 6. Bd3 Nc6 7. O-O Be6 8. Re1
O-O 9. c3 h6 10. Nbd2 Nh5 11. Nf1 Nf4 12. Bb1 Qf6 13. Ng3 g6 14. c4 Rfe8 15. c5
Nxh3+ 16. gxh3 1-0

[Event "25th Dubai Open A 2025"]
[Site "Dubai UAE"]
[Date "2025.06.01"]
[Round "6.7"]
[White "Aronyak, Ghosh"]
[Black "Aditya, Mittal"]
[Result "1/2-1/2"]
[WhiteTitle "IM"]
[BlackTitle "GM"]
[WhiteElo "2514"]
[BlackElo "2547"]
[WhiteFideId "25072846"]
[BlackFideId "35042025"]
[EventDate "2025.05.27"]

1. d4 Nf6 2. c4 e6 3. Nf3 d5 4. Qc2 Nbd7 5. cxd5 exd5 6. Nc3 c6 7. Bg5 h6 8. Bh4
Be7 9. e3 O-O 10. Bd3 Re8 11. O-O Ne4 12. Bxe7 Qxe7 13. Rae1 Ndf6 14. Ne5 Bf5
15. f3 Nxc3 16. bxc3 Bxd3 17. Nxd3 Qa3 18. Qb3 Qxb3 1/2-1/2